00923nam a22002297a 4500001001000000003001100010005001700021008004100038020001500079040001800094050002500112100003300137240007000170245005900240260004000299300004000339500001200379500008000391505013000471650005600601651003600657BRCA_9323FranzMayer20230918120134.0230823b |||||||| |||| 00| 0 eng d a8479593083 aMFMbespcMFM 0aNK700.A74b.S26 20001 4AutoraSanz, María Jesús aLa custodia procesional hEnrique de Arfe y su escuelalEspañol aLa custodia procesional bEnrique de Arfe y su escuela aCórdoba, EspañabCaja surc2000 a154 pbIlustraciones a colorc21 cm aAnexo 1 aEl libro contiene una nota al inicio con una dedicatoria a Héctor Rivero. aTexto en: españolIncluye índice temáticoIncluye bibliografía pp: 139-144Dirigido a: artistas, historiadores del arte.1 2Artes decorativasaHistoria del artevArte medieval2 2Arte españolaEnrique de Arfe